000
00311pab a2200145 454500
008
180718b1985 xxu||||| |||| 00| 0 eng d
100
_a
Jha, Markandeya
245
_a
A long way to go
260
_c
1985
300
_a
12-14
362
_a
16 July
650
_a
Banks - India
773
_a
Yojana
909
_a
4311
999
_c
4311
_d
4311